| 000 | 01197nam a22002657a 4500 | ||
|---|---|---|---|
| 005 | 20170124103134.0 | ||
| 010 | _aB-003761 | ||
| 020 | _c175.00 | ||
| 035 | _aB-003761 | ||
| 037 | _bCen Lib/Ret | ||
| 040 |
_aDPL _bHN |
||
| 082 |
_a616.12 _bव्यासदे |
||
| 100 |
_aव्यास, देवशक्ति _984910 |
||
| 245 |
_aहृदय रोग कारण और उपचार / _cदेवशक्ति व्यास |
||
| 246 |
_aHridey rog karan aur upchar / _bby Devshakti Vyas |
||
| 260 |
_aनई दिल्ली _bमनीष प्रकाशन _c2000 |
||
| 270 |
_aसी-8/174, यमुना विहार _bनई दिल्ली _e110053 |
||
| 300 |
_a168पृ. : _c21सेमी(सजिल्द) _bसचित्र |
||
| 500 | _aअनुक्रमणिका शामिल | ||
| 650 |
_aहृदय रोग से सुरक्षा _984911 |
||
| 650 |
_aहृदय की संरचना और कार्य _984912 |
||
| 650 |
_aProtection from heart disease _984913 |
||
| 650 |
_aStructure and function of the heart _984914 |
||
| 942 |
_2ddc _cHN _h616.12 _mव्यासदे |
||
| 999 |
_c119441 _d119441 |
||